000 00279nam a2200097Ia 4500
082 _aLP EF CHES
245 0 _aThe toy breaker
100 _a Chester, R. , 1936- Leicester, 2009 1st large print ed
_986383
942 _cBK
008 210817s9999 xx 000 0 und d
999 _c373181
_d373180